000
00299nam a2200157Ia 4500
100
_a
Liberty/ Jesse
250
_a
2
942
_c
BK
654
_a
C++
245
_a
C++ Scratch
260
_b
PHI
_a
NONE
_c
1999
082
_a
005.133'C'++
_b
LI
300
_a
417
546
_a
ENGLISH
999
_c
26696
_d
26696